Dell' istituzione de'giurati / (Record no. 162209)

MARC details
000 -LEADER
campo de control de longitud fija 00613nam a22001935i 4500
001 - NÚMERO DE CONTROL
campo de control 162209
003 - IDENTIFICADOR DE NÚMERO DE CONTROL
campo de control ES-MaACL
005 - FECHA Y HORA DE LA ÚLTIMA TRANSACCIÓN
campo de control 20230906212443.0
008 - DATOS DE LONGITUD FIJA--INFORMACIÓN GENERAL
campo de control de longitud fija 991119s1868 it |||| | ita d
040 ## - FUENTE DE CATALOGACIÓN
Centro catalogador/agencia de origen M-RAJU
Lengua de catalogación spa
Centro/agencia transcriptor M-RAJU
Centro/agencia modificador CCPB | B
100 1# - ENTRADA PRINCIPAL--NOMBRE DE PERSONA
Nombre de persona Pisanelli, Giuseppe.
9 (RLIN) 92363
245 10 - MENCIÓN DEL TÍTULO
Título Dell' istituzione de'giurati /
Mención de responsabilidad, etc. per Giuseppe Pisanelli.
250 ## - MENCION DE EDICION
Mención de edición 2. ed.
260 ## - PUBLICACIÓN, DISTRIBUCIÓN, ETC.
Lugar de publicación, distribución, etc. Napoli :
Nombre del editor, distribuidor, etc. [s.n.],
Fecha de publicación, distribución, etc. 1868 (
Fabricante Stabilimento Tipografico Ghio)
300 ## - DESCRIPCIÓN FÍSICA
Extensión XXIII, 325 p. ;
Dimensiones 19 cm.
650 #4 - PUNTO DE ACCESO ADICIONAL DE MATERIA--TÉRMINO DE MATERIA
Término de materia o nombre geográfico como elemento de entrada Jurado-
Subdivisión geográfica España.
9 (RLIN) 168369
752 ## - ENTRADA AGREGADA--NOMBRE JERÁRQUICO DEL LUGAR
País o entidad superior Italia -
Ciudad Nápoles
852 ## - LOCALIZACIÓN
Ubicación ES-MaACL
Número de control de estantería F-13399
Nota libre -- Enc. pasta
Holdings
Estatus retirado Estado de pérdida Estado de daño No para préstamo Colección Biblioteca de origen Biblioteca actual Ubicación en estantería Fecha de adquisición Fuente de adquisición Total de préstamos Signatura topográfica completa Código de barras Visto por última vez Precio de reemplazo Tipo de ítem Koha
        Libros del s. XIX Biblioteca del Ateneo de Madrid Biblioteca del Ateneo de Madrid Sala Pecera Planta 2 17/01/2008     F-13399 1169934 23/02/2023 23/02/2023 Libro impreso antiguo